000 00986nam a2200205 4500
003 CO-ViMGA
020 _a9789585419087
040 _aCO-ViMGA
_bspa
_cCO-ViMGA
082 0 4 _a028.9
_bA68a
100 1 _aRoa, Paola Isabel
_912009
245 1 0 _aAquí se lee :
_bel servicio de promoción de lectura en la biblioteca /
250 _aPrimera edición
260 _aBogotá :
_bMinisterio de Cultura , Biblioteca Nacional
_c2017.
300 _a83 p. :
_b19 cm.
500 _a Este libro se propone adelantar una reflexión sobre el servicio de promoción de lectura de la biblioteca pública. Para ello se detiene en los elementos más relevantes, tanto prácticos como conceptuales, que dan sustento y coherencia a la planeación, desarrollo y sistematización de las prácticas de promoción de lectura en la biblioteca
650 1 4 _aBibliotecas públicas
_xServicio de extensión
_912011
650 1 4 _aConducta lectora
_912012
650 1 4 _aPromoción de lectura
_912010
942 _2ddc
_cBK
999 _c9242
_d9242